Nou diari
Descripción Física:
il. ; 41 cm
MARC
| LEADER | 00000nam a2200000Ia 4500 | ||
|---|---|---|---|
| 001 | |||
| 008 | 160829s1993 - [1994] xx 000 0 cat d | ||
| 008 | 160829s9999 xx 000 0 cat d | ||
| 080 | |a Revistes | ||
| 245 | |a Nou diari | ||
| 260 | |a Barcelona : |b ECD, |c 1993 - [1994] | ||
| 300 | |a il. ; |c 41 cm | ||
| 362 | |a Any 202, núm. 1 (30 abr. 1993)-núm. 271 (26 gen. 1994) | ||
| 590 | |a Diària. | ||
| 590 | |a Resultat de la fusió de: Diari de Lleida, Diari de Barcelona, Reus diari i Nou diari. Es publica en edicions diferenciades: Barcelona, Girona, Lleida, Reus i Tarragona. | ||
| 590 | |a Exemplar preliminar: Núm. 0 (30 abr. 1993). | ||
| 590 | |a Es manté la numeració. | ||
| 590 | |a Suplements | ||
| 866 | |a 1993 | ||
| 901 | |a Arxiu | ||
| 942 | |n 1 | ||
| 952 | |0 0 |1 0 |4 0 |6 REVISTES |7 1 |9 45115 |a Arxiu |b Arxiu |d 2016-12-01 |l 0 |o Revistes |r 2016-12-01 00:00:00 |w 2016-12-01 |y ARXIU | ||
| 999 | |c 47746 |d 47746 | ||